[Event "Robinson Cup"]
[Site "Stirling"]
[Date "2023.08.18"]
[Round "1"]
[White "Blades, Kit"]
[Black "Davies, Tom"]
[Result "1-0"]
[WhiteElo "1713"]
[BlackElo "1582"]
[PlyCount "87"]
[EventDate "2023.08.18"]
[EventType "team-tourn"]
[EventRounds "6"]
[EventCountry "SCO"]
[SourceTitle "EXT 2024"]
[Source "ChessBase"]
[SourceDate "2023.10.10"]
[SourceVersion "1"]
[SourceVersionDate "2023.10.10"]
[SourceQuality "1"]
[WhiteTeam "England"]
[BlackTeam "Wales"]
[WhiteTeamCountry "ENG"]
[BlackTeamCountry "WLS"]

1. e4 d5 2. exd5 Qxd5 3. Nc3 Qa5 4. d4 Nf6 5. Nf3 Bf5 6. Bd2 e6 7. Bc4 c6 8. Nd5 Qd8 9. Nxf6+ gxf6 10. c3 c5 11. Qe2 Qb6 12. Nh4 Bg6 13. Bb5+ Nd7 14. Bxd7+ Kxd7 15. dxc5 Bxc5 16. b4 Bd6 17. Rd1 Bc2 18. Rc1 Ba4 19. 0-0 Rac8 20. Qh5 Ke8 21. Rfe1 Be7 22. Be3 Qa6 23. Bd4 Rc4 24. Qh6 Rg8 25. Qxh7 Rg5 26. Qh8+ Kd7 27. Nf3 Rg6 28. Be3 Bc6 29. Rcd1+ Kc7 30. b5 Bxb5 31. Rd4 Bc6 32. Bf4+ Kb6 33. Rb1+ Ka5 34. Bc7+ Ka4 35. Qh4 b5 36. Ne1 e5 37. Rxc4+ bxc4 38. Qh5 Bd5 39. Qd1+ Ka3 40. Qxd5 Kxa2 41. Qd1 Qc6 42. Ra1+ Kb2 43. Qc1+ Kb3 44. Qc2# 1-0

[Event "Cardiff Welsh Spring op"]
[Site "Cardiff"]
[Date "2023.03.04"]
[Round "1"]
[White "Bullen, Alex"]
[Black "Davies, Tom"]
[Result "1-0"]
[WhiteElo "2148"]
[BlackElo "1582"]
[PlyCount "55"]
[EventDate "2023.03.04"]
[EventType "swiss"]
[EventRounds "5"]
[EventCountry "WLS"]
[SourceTitle "EXT 2024"]
[Source "ChessBase"]
[SourceDate "2023.10.10"]
[SourceVersion "1"]
[SourceVersionDate "2023.10.10"]
[SourceQuality "1"]

1. d4 d5 2. Nf3 Nf6 3. c4 e6 4. g3 c5 5. cxd5 exd5 6. Bg2 Nc6 7. 0-0 Bg4 8. Ne5 Be6 9. Qa4 Qc7 10. Bf4 Bd6 11. Nc3 Bxe5 12. Bxe5 Qd7 13. Bxf6 gxf6 14. dxc5 0-0-0 15. Nb5 Kb8 16. Qf4+ Ne5 17. Nd4 Bh3 18. c6 bxc6 19. Nxc6+ Qxc6 20. Bxh3 Qd6 21. Rfd1 Rhe8 22. Bg2 Ng6 23. Qa4 Qb6 24. Rd4 Qc7 25. Rb4+ Kc8 26. Bh3+ Re6 27. Bxe6+ fxe6 28. Qa6+ 1-0

[Event "Cardiff Welsh Spring op"]
[Site "Cardiff"]
[Date "2023.03.04"]
[Round "2"]
[White "Davies, Tom"]
[Black "Forsey, Tomas"]
[Result "1-0"]
[WhiteElo "1582"]
[BlackElo "1216"]
[PlyCount "39"]
[EventDate "2023.03.04"]
[EventType "swiss"]
[EventRounds "5"]
[EventCountry "WLS"]
[SourceTitle "EXT 2024"]
[Source "ChessBase"]
[SourceDate "2023.10.10"]
[SourceVersion "1"]
[SourceVersionDate "2023.10.10"]
[SourceQuality "1"]

1. c4 f5 2. Nc3 Nf6 3. Nf3 e6 4. g3 Be7 5. Bg2 0-0 6. 0-0 d6 7. b4 e5 8. Bb2 Qe8 9. d4 Nc6 10. Nb5 Bd8 11. a3 Qf7 12. dxe5 dxe5 13. Nxe5 Nxe5 14. Bxe5 Qxc4 15. Bxf6 Qxb5 16. Bxd8 Be6 17. Bxc7 Rac8 18. Qd6 Rfe8 19. Rac1 Bc4 20. Rxc4 1-0

[Event "Robinson Cup"]
[Site "Cardiff"]
[Date "2022.07.19"]
[Round "2.1"]
[White "Hobson, Kenneth"]
[Black "Davies, Tom"]
[Result "1-0"]
[WhiteElo "1914"]
[BlackElo "1333"]
[PlyCount "71"]
[EventDate "2022.07.19"]
[EventType "team-tourn"]
[EventRounds "6"]
[EventCountry "WLS"]
[SourceTitle "CBM 210 Extra"]
[Source "ChessBase"]
[SourceDate "2022.11.30"]
[SourceVersion "1"]
[SourceVersionDate "2022.11.30"]
[SourceQuality "1"]
[WhiteTeam "England"]
[BlackTeam "Wales"]
[WhiteTeamCountry "ENG"]
[BlackTeamCountry "WLS"]

1. e4 d5 2. exd5 Qxd5 3. Nc3 Qa5 4. Nf3 Nf6 5. Bc4 Bg4 6. d4 Nc6 7. 0-0 Bxf3 8. Qxf3 0-0-0 9. d5 Nb4 10. Rd1 Nxc2 11. Qf5+ e6 12. Qxc2 exd5 13. Bd3 Bd6 14. Bg5 Be7 15. Rac1 c6 16. Bf4 Bd6 17. Bxd6 Rxd6 18. a3 Kb8 19. b4 Qd8 20. Qd2 Re8 21. b5 c5 22. b6 axb6 23. Nb5 Rc6 24. Qf4+ Ka8 25. Qa4+ Kb8 26. Qa7+ Kc8 27. Qa8+ Kd7 28. Qxb7+ Rc7 29. Bf5+ Re6 30. Bxe6+ fxe6 31. Qxc7+ Qxc7 32. Nxc7 Kxc7 33. f3 d4 34. Rxd4 Nd5 35. Kf2 Kd6 36. Rdd1 1-0

[Event "Wch FIDE Online U12 Europe qual"]
[Site "Tornelo INT"]
[Date "2020.12.08"]
[Round "3"]
[White "Gerdes, Sebastian"]
[Black "Davies, Tom"]
[Result "0-1"]
[WhiteElo "1507"]
[BlackElo "1080"]
[PlyCount "64"]
[EventDate "2020.12.07"]
[EventType "swiss (rapid)"]
[EventRounds "7"]
[EventCountry "ISS"]
[SourceTitle "EXT 2022"]
[Source "ChessBase"]
[SourceDate "2021.10.06"]
[SourceVersion "1"]
[SourceVersionDate "2021.10.06"]
[SourceQuality "1"]

1. c4 e6 2. d4 d5 3. Nc3 Nf6 4. Nf3 Be7 5. Bf4 0-0 6. e3 b6 7. cxd5 Nxd5 8. Nxd5 Qxd5 9. Bd3 c5 10. h4 h5 11. e4 Qd8 12. Ng5 g6 13. dxc5 Bxc5 14. Qc2 Bb4+ 15. Kf1 Nd7 16. e5 Kg7 17. Be4 Ba6+ 18. Kg1 Rc8 19. Qd3 Bxd3 20. Bxd3 Nc5 21. Be2 f6 22. exf6+ Qxf6 23. Be3 Qf5 24. Bd4+ e5 25. Bxc5 Bxc5 26. Rf1 Bxf2+ 27. Rxf2 Qxf2+ 28. Kh2 Qxh4+ 29. Kg1 Qxg5 30. Kh2 Qh4+ 31. Kg1 Rc1+ 32. Bf1 Rcxf1# 0-1

[Event "South Wales Autumn Premier"]
[Site "Newport"]
[Date "2019.11.15"]
[Round "1"]
[White "Davies, Tom"]
[Black "Hammett, Scott"]
[Result "1-0"]
[WhiteElo "1079"]
[BlackElo "1610"]
[PlyCount "97"]
[EventDate "2019.11.15"]
[EventType "swiss"]
[EventRounds "5"]
[EventCountry "WLS"]
[SourceTitle "EXT 2022"]
[Source "ChessBase"]
[SourceDate "2021.10.06"]
[SourceVersion "1"]
[SourceVersionDate "2021.10.06"]
[SourceQuality "1"]

1. e4 e5 2. Nf3 f5 3. Nxe5 Qf6 4. d4 d6 5. Nf3 fxe4 6. Qe2 Qe7 7. Ng5 Nf6 8. Nc3 d5 9. Bf4 h6 10. Nb5 Na6 11. Nh3 Bg4 12. f3 Bd7 13. 0-0-0 Bxb5 14. Qxb5+ c6 15. Qb3 Qb4 16. Qxb4 Bxb4 17. c3 Be7 18. Bxa6 bxa6 19. Rhe1 0-0 20. Nf2 Nh5 21. Bd2 Bd6 22. Ng4 Nf4 23. Bxf4 Bxf4+ 24. Kc2 exf3 25. gxf3 Rae8 26. h3 Bg3 27. Rxe8 Rxe8 28. Kb3 Rb8+ 29. Kc2 Re8 30. Rd2 h5 31. Nh2 Re3 32. Kb3 Bxh2 33. Rxh2 Rxf3 34. Ka4 Kf7 35. Ka5 g5 36. Kxa6 g4 37. hxg4 hxg4 38. Kxa7 Kg6 39. a4 Kg5 40. a5 g3 41. Rh8 Kf4 42. Rg8 Ke3 43. Kb6 Kf2 44. a6 g2 45. a7 Rg3 46. Rxg3 Kxg3 47. a8Q Kh2 48. Qh8+ Kg1 49. Kxc6 1-0